[Event "NB2 Szechenyi csoport"]
[Site "Szombathely"]
[Date "2024.11.17"]
[Round "2.5"]
[White "Matyi, Attila"]
[Black "Horvath, Reka"]
[Result "0-1"]
[WhiteElo "1869"]
[BlackElo "2014"]
[PlyCount "92"]
[EventDate "2024.11.03"]
[EventType "team-tourn"]
[EventRounds "11"]
[EventCountry "HUN"]
[Source "chess.hu"]
[SourceDate "2024.11.17"]
[WhiteTeam "Ezust Huszar SE"]
[BlackTeam "Haladas VSE"]
[WhiteTeamCountry "HUN"]
[BlackTeamCountry "HUN"]

1. d4 Nf6 2. Nc3 d5 3. Bf4 c6 4. e3 Bf5 5. f3 e6 6. g4 Bg6 7. h4 h5 8. g5 Ng8
9. Nh3 Bd6 10. Qd2 Ne7 11. Qh2 Bxf4 12. Nxf4 Qc7 13. Nxg6 Qxh2 14. Rxh2 fxg6
15. Kd2 O-O 16. f4 Nf5 17. Bh3 Na6 18. Bxf5 Rxf5 19. Nd1 c5 20. c3 Rc8 21. a3
Rf7 22. Rc1 c4 23. Nf2 Nb8 24. Nh3 Nc6 25. Ng1 b5 26. Nf3 a5 27. Rhh1 Rb8 28.
Ra1 Rfb7 29. Rhc1 Kf7 30. Ne5+ Nxe5 31. fxe5 Ke7 32. Rc2 Kd7 33. Rf1 Kc6 34.
Rf4 b4 35. axb4 axb4 36. Rc1 Ra8 37. Rff1 Ra2 38. Rb1 bxc3+ 39. Kxc3 Rb3+ 40.
Kc2 Rxe3 41. Rf4 Re2+ 42. Kc3 Re3+ 43. Kc2 Ra7 44. Rff1 Re2+ 45. Kc3 Rb7 46. b4
cxb3 0-1

[Event "NB2 Szechenyi csoport"]
[Site "Szombathely"]
[Date "2024.11.17"]
[Round "2.6"]
[White "Toth, Tibor"]
[Black "Szunyogh, Istvan"]
[Result "1-0"]
[WhiteElo "1978"]
[BlackElo "1812"]
[PlyCount "71"]
[EventDate "2024.11.03"]
[EventType "team-tourn"]
[EventRounds "11"]
[EventCountry "HUN"]
[Source "chess.hu"]
[SourceDate "2024.11.17"]
[WhiteTeam "Haladas VSE"]
[BlackTeam "Ezust Huszar SE"]
[WhiteTeamCountry "HUN"]
[BlackTeamCountry "HUN"]

1. d4 d5 2. Nc3 c6 3. Bf4 Nf6 4. e3 g6 5. Nf3 Bg4 6. Be2 Bg7 7. Ne5 Bxe2 8.
Qxe2 Nbd7 9. h4 h5 10. O-O-O O-O 11. f3 Re8 12. g4 e6 13. Bg5 hxg4 14. h5 gxh5
15. fxg4 Qc7 16. Bf4 Qd8 17. gxh5 Nh7 18. Rdg1 Kf8 19. Qg4 Bxe5 20. dxe5 Ke7
21. Qg7 Rh8 22. Bg3 Qf8 23. h6 Ke8 24. Ne2 Rc8 25. Rf1 Qg8 26. Nd4 Nhf8 27.
Rxf7 Qxg7 28. Rxg7 Kd8 29. Bh4+ Kc7 30. Bf6 Rh7 31. Nxe6+ Kb6 32. Ng5 Rxg7 33.
hxg7 Ng6 34. Rh6 Ngxe5 35. Bxe5 Nxe5 36. Rh8 1-0

[Event "NB2 Szechenyi csoport"]
[Site "Szombathely"]
[Date "2024.11.17"]
[Round "2.7"]
[White "Lukacs, Imre"]
[Black "Hajdu, Istvan"]
[Result "1/2-1/2"]
[WhiteElo "1802"]
[BlackElo "1824"]
[PlyCount "43"]
[EventDate "2024.11.03"]
[EventType "team-tourn"]
[EventRounds "11"]
[EventCountry "HUN"]
[Source "chess.hu"]
[SourceDate "2024.11.17"]
[WhiteTeam "Ezust Huszar SE"]
[BlackTeam "Haladas VSE"]
[WhiteTeamCountry "HUN"]
[BlackTeamCountry "HUN"]

1. e4 c6 2. Bc4 d5 3. Bb3 dxe4 4. Qh5 g6 5. Qh4 Nf6 6. Nc3 Bg7 7. f3 e3 8. dxe3
O-O 9. e4 e5 10. Bh6 Nh5 11. Bg5 Bf6 12. Bxf6 Qxf6 13. Qxf6 Nxf6 14. O-O-O Na6
15. g4 Nc5 16. Rd6 Ne8 17. Rd8 Nf6 18. Rxf8+ Kxf8 19. Nge2 Nxb3+ 20. axb3 Be6
21. Rd1 Ke7 22. h4 1/2-1/2

[Event "NB2 Szechenyi csoport"]
[Site "Szombathely"]
[Date "2024.11.17"]
[Round "2.9"]
[White "Meszaros, Ferenc"]
[Black "Barasits, Tibor"]
[Result "1-0"]
[WhiteElo "1673"]
[BlackElo "1740"]
[PlyCount "97"]
[EventDate "2024.11.03"]
[EventType "team-tourn"]
[EventRounds "11"]
[EventCountry "HUN"]
[Source "chess.hu"]
[SourceDate "2024.11.17"]
[WhiteTeam "Ezust Huszar SE"]
[BlackTeam "Haladas VSE"]
[WhiteTeamCountry "HUN"]
[BlackTeamCountry "HUN"]

1. e4 e5 2. Nf3 Nf6 3. Nxe5 d6 4. Nf3 Nxe4 5. Qe2 Qe7 6. d3 Nf6 7. Bg5 Qxe2+ 8.
Bxe2 Be7 9. O-O h6 10. Bh4 Nc6 11. c3 O-O 12. Re1 Re8 13. Nbd2 Nd5 14. Bf1 Be6
15. Bg3 a6 16. d4 b5 17. Rac1 Na5 18. Bd3 Nb6 19. Re2 c5 20. Rce1 c4 21. Bc2
Kf8 22. Ne4 Nb7 23. Ned2 d5 24. Ne5 Nd7 25. Ndf3 Rac8 26. Nxd7+ Bxd7 27. Ne5
Be6 28. Re3 Nd6 29. Ng6+ fxg6 30. Rxe6 Nf5 31. Rxg6 Nxg3 32. hxg3 Bf6 33. Rxe8+
Rxe8 34. Kf1 Ke7 35. Rg4 Kd6 36. Rg6 Kc7 37. b3 a5 38. f4 Re3 39. bxc4 Rxc3 40.
Bd1 bxc4 41. Bf3 Kd6 42. g4 Ra3 43. g5 hxg5 44. fxg5 Ke7 45. gxf6+ gxf6 46.
Bxd5 c3 47. Ke2 Kd6 48. Bg8 Ke7 49. Kd3 1-0

[Event "NB2 Szechenyi csoport"]
[Site "Szombathely"]
[Date "2024.11.17"]
[Round "2.10"]
[White "Balogh, Gerda"]
[Black "Pohl, Brigitta"]
[Result "1-0"]
[WhiteElo "1696"]
[BlackElo "1554"]
[PlyCount "59"]
[EventDate "2024.11.03"]
[EventType "team-tourn"]
[EventRounds "11"]
[EventCountry "HUN"]
[Source "chess.hu"]
[SourceDate "2024.11.17"]
[WhiteTeam "Haladas VSE"]
[BlackTeam "Ezust Huszar SE"]
[WhiteTeamCountry "HUN"]
[BlackTeamCountry "HUN"]

1. e4 e5 2. Nf3 Nc6 3. Bc4 Bc5 4. O-O Nf6 5. d4 Nxd4 6. Nxe5 O-O 7. Be3 d6 8.
Nxf7 Rxf7 9. Bxf7+ Kxf7 10. Bxd4 Bxd4 11. Qxd4 c5 12. Qd3 Qb6 13. Qb3+ Qxb3 14.
axb3 Nxe4 15. Nc3 Nxc3 16. bxc3 Bf5 17. Rfd1 Ke6 18. Rd2 a5 19. c4 Kd7 20. c3
Re8 21. h3 b6 22. Rad1 Re6 23. g4 Bg6 24. f4 Bf7 25. f5 Rf6 26. Rf2 Rh6 27. Kg2
Rh4 28. f6 gxf6 29. Rxf6 Bg6 30. Kg3 1-0

[Event "NB2 Szechenyi csoport"]
[Site "Ajka"]
[Date "2024.11.17"]
[Round "2.1"]
[White "Pinterne, Kovacs Marta"]
[Black "Szalay-Ocsak, Bank"]
[Result "0-1"]
[WhiteElo "2043"]
[BlackElo "2156"]
[PlyCount "126"]
[EventDate "2024.11.03"]
[EventType "team-tourn"]
[EventRounds "11"]
[EventCountry "HUN"]
[Source "chess.hu"]
[SourceDate "2024.11.17"]
[WhiteTeam "Spartacus Sportkor"]
[BlackTeam "Sentimento Ajka BSK "]
[WhiteTeamCountry "HUN"]
[BlackTeamCountry "HUN"]

1. d4 Nf6 2. e3 g6 3. Bd3 Bg7 4. h4 d6 5. c3 e5 6. Nd2 Nc6 7. Ne2 h5 8. Qc2 Qe7
9. b3 O-O 10. O-O d5 11. a4 e4 12. Bb5 Ng4 13. g3 Rd8 14. Ba3 Qf6 15. c4 a6 16.
Bxc6 Qxc6 17. Nf4 Bf5 18. Rac1 dxc4 19. Qxc4 Qxc4 20. Rxc4 c6 21. Rfc1 Ne5 22.
R4c2 Nf3+ 23. Kg2 Bh6 24. Ne2 b5 25. Bc5 Re8 26. Bb6 Kg7 27. a5 g5 28. hxg5
Bxg5 29. Rc5 Bg4 30. Nf1 f6 31. Rxc6 Rh8 32. Rc7+ Kg6 33. Nf4+ Bxf4 34. exf4
Rh6 35. Ne3 Nd2 36. f5+ Bxf5 37. Rg7+ Kxg7 38. Nxf5+ Kg6 39. Nxh6 Kxh6 40. d5
Nf3 41. d6 Ne5 42. Bc7 Kg6 43. Rc5 Nd7 44. Rd5 f5 45. f3 Re8 46. f4 Kf6 47. Kf2
Rh8 48. b4 Ke6 49. Rd1 h4 50. Rg1 h3 51. Rh1 Nf6 52. Bb6 Ng4+ 53. Ke2 Kxd6 54.
Bc5+ Kd5 55. Rd1+ Kc4 56. Rd4+ Kb3 57. Rd1 h2 58. Rh1 e3 59. Bxe3 Re8 60. Kd2
Rxe3 61. Rxh2 Nxh2 62. Kxe3 Kxb4 63. Kd4 Ka3 0-1

[Event "NB2 Szechenyi csoport"]
[Site "Ajka"]
[Date "2024.11.17"]
[Round "2.2"]
[White "Pasti, Zsombor"]
[Black "Rezsek, Gyozo"]
[Result "1/2-1/2"]
[WhiteElo "2074"]
[BlackElo "1992"]
[PlyCount "157"]
[EventDate "2024.11.03"]
[EventType "team-tourn"]
[EventRounds "11"]
[EventCountry "HUN"]
[Source "chess.hu"]
[SourceDate "2024.11.17"]
[WhiteTeam "Sentimento Ajka BSK "]
[BlackTeam "Spartacus Sportkor"]
[WhiteTeamCountry "HUN"]
[BlackTeamCountry "HUN"]

1. e4 e6 2. d4 d5 3. exd5 exd5 4. c4 Nf6 5. Nc3 Be7 6. Nf3 O-O 7. Be2 c5 8.
dxc5 dxc4 9. Qxd8 Rxd8 10. Be3 Ng4 11. Bxc4 Nxe3 12. fxe3 Nc6 13. Rf1 Be6 14.
Bxe6 fxe6 15. Ne4 Rd5 16. Rd1 Rad8 17. Ke2 Bxc5 18. Nxc5 Rxc5 19. Rxd8+ Nxd8
20. Rd1 Nc6 21. Rd7 Rc2+ 22. Kf1 Rxb2 23. Ng5 Rb6 24. Nxe6 Ne5 25. Rxg7+ Kh8
26. Re7 h6 27. Nc5 Ng4 28. Nd7 Rd6 29. Ke2 Nxh2 30. e4 Rg6 31. Kf2 Ng4+ 32. Kf3
h5 33. e5 Rg7 34. Re8+ Kh7 35. e6 Kg6 36. Kf4 b5 37. Rf8 Re7 38. Rf5 Kh6 39.
Nf8 b4 40. Ke4 a5 41. Rf3 Kg7 42. Kd5 Nf6+ 43. Kd6 Rb7 44. Nd7 Ne8+ 45. Ke7 Nc7
46. Rg3+ Kh6 47. Kf7 Nxe6 48. Kxe6 h4 49. Rd3 a4 50. Nc5 Rb6+ 51. Kd5 b3 52.
Nxb3 axb3 53. axb3 Kg5 54. Kc5 Rf6 55. Rd2 Kg4 56. b4 Kg3 57. b5 Rf2 58. Rd4
Rc2+ 59. Kd5 Rxg2 60. Rd3+ Kg4 61. Rd4+ Kg3 62. Rd3+ Kg4 63. Rd4+ Kg3 64. Rb4
Rd2+ 65. Kc6 h3 66. b6 h2 67. Rb3+ Kg2 68. Rb1 h1=Q 69. Rxh1 Kxh1 70. b7 Rc2+
71. Kd7 Rb2 72. Kc7 Rc2+ 73. Kd7 Rd2+ 74. Kc7 Rc2+ 75. Kb6 Rb2+ 76. Ka7 Ra2+
77. Kb6 Rb2+ 78. Ka7 Rxb7+ 79. Kxb7 1/2-1/2

[Event "NB2 Szechenyi csoport"]
[Site "Ajka"]
[Date "2024.11.17"]
[Round "2.3"]
[White "Nemeth, Zsolt"]
[Black "Vass, Viktor"]
[Result "0-1"]
[WhiteElo "2012"]
[BlackElo "2150"]
[PlyCount "90"]
[EventDate "2024.11.03"]
[EventType "team-tourn"]
[EventRounds "11"]
[EventCountry "HUN"]
[Source "chess.hu"]
[SourceDate "2024.11.17"]
[WhiteTeam "Spartacus Sportkor"]
[BlackTeam "Sentimento Ajka BSK "]
[WhiteTeamCountry "HUN"]
[BlackTeamCountry "HUN"]

1. e4 e5 2. Nf3 Nc6 3. Nc3 Nf6 4. d4 exd4 5. Nxd4 Bb4 6. Nxc6 bxc6 7. Bd3 O-O
8. O-O d5 9. exd5 cxd5 10. Bg5 Bxc3 11. bxc3 h6 12. Bh4 c5 13. c4 g5 14. Bg3
Bg4 15. f3 Be6 16. cxd5 Qxd5 17. c4 Qd4+ 18. Bf2 Qc3 19. Qb3 Qe5 20. Bg3 Qd4+
21. Bf2 Qe5 22. Bg3 Qe3+ 23. Bf2 Qd2 24. Be1 Qf4 25. Bg3 Qd4+ 26. Bf2 Qd6 27.
Rad1 Qb6 28. h4 Rfd8 29. Qc3 Nh5 30. hxg5 hxg5 31. Qe5 f6 32. Qc3 Rd4 33. Bxd4
cxd4 34. Qb3 Qc7 35. Rfe1 Rb8 36. Qa3 Nf4 37. Rxe6 Nxe6 38. Re1 Nc5 39. Be4 Kg7
40. Bd5 Rh8 41. f4 d3 42. Qb4 gxf4 43. Qd2 Ne4 44. Qb4 d2 45. Rd1 f3 0-1

[Event "NB2 Szechenyi csoport"]
[Site "Ajka"]
[Date "2024.11.17"]
[Round "2.4"]
[White "Kosztolanczi, Gyula"]
[Black "Rozsa, Peter"]
[Result "0-1"]
[WhiteElo "2038"]
[BlackElo "2051"]
[PlyCount "96"]
[EventDate "2024.11.03"]
[EventType "team-tourn"]
[EventRounds "11"]
[EventCountry "HUN"]
[Source "chess.hu"]
[SourceDate "2024.11.17"]
[WhiteTeam "Sentimento Ajka BSK "]
[BlackTeam "Spartacus Sportkor"]
[WhiteTeamCountry "HUN"]
[BlackTeamCountry "HUN"]

1. e4 e6 2. d4 d5 3. Nd2 Nf6 4. e5 Nfd7 5. Bd3 c5 6. c3 Nc6 7. Ne2 cxd4 8. cxd4
Nb6 9. O-O Bd7 10. a3 a5 11. f4 g6 12. Nf3 h5 13. Be3 a4 14. Bf2 Na5 15. Bh4
Be7 16. Bxe7 Qxe7 17. Nc3 Nbc4 18. Qe2 b5 19. f5 gxf5 20. Bxf5 Nb3 21. Rae1 Bc6
22. Bd3 O-O-O 23. h4 Rdg8 24. Ng5 Nxd4 25. Qf2 Qc5 26. Kh1 Be8 27. b4 Qa7 28.
Nf3 Rg4 29. Rd1 Nxf3 30. gxf3 Qxf2 31. Rxf2 Rxh4+ 32. Rh2 Rxh2+ 33. Kxh2 Nxa3
34. Kg3 Kd8 35. Kf4 Ke7 36. Ke3 f6 37. f4 fxe5 38. fxe5 h4 39. Ne2 Bh5 40. Rc1
Bxe2 41. Rc7+ Kf8 42. Bxe2 h3 43. Bf3 Rh4 44. Kf2 h2 45. Rc1 Rxb4 46. Kg3 Nc4
47. Kxh2 Nxe5 48. Bd1 Nc4 0-1

[Event "NB2 Szechenyi csoport"]
[Site "Ajka"]
[Date "2024.11.17"]
[Round "2.5"]
[White "Szakaly, Laszlo"]
[Black "Paksa, Rudolf"]
[Result "1-0"]
[WhiteElo "1906"]
[BlackElo "2031"]
[PlyCount "65"]
[EventDate "2024.11.03"]
[EventType "team-tourn"]
[EventRounds "11"]
[EventCountry "HUN"]
[Source "chess.hu"]
[SourceDate "2024.11.17"]
[WhiteTeam "Spartacus Sportkor"]
[BlackTeam "Sentimento Ajka BSK "]
[WhiteTeamCountry "HUN"]
[BlackTeamCountry "HUN"]

1. d4 Nf6 2. Nc3 d5 3. Bf4 a6 4. e3 Bf5 5. f3 Nc6 6. g4 Bg6 7. h4 h6 8. a3 e6
9. Nge2 Bd6 10. Qd2 e5 11. Bh2 exd4 12. exd4 Bxh2 13. Rxh2 Qd6 14. Rg2 O-O-O
15. O-O-O Rhe8 16. Nf4 Ne7 17. Re2 Bh7 18. g5 hxg5 19. hxg5 Nfg8 20. Rde1 c6
21. Na4 Bf5 22. Nc5 a5 23. Re5 Qc7 24. R1e3 b5 25. a4 Bd7 26. axb5 cxb5 27. Rc3
b4 28. Rce3 Bc6 29. Bh3+ Rd7 30. Qe2 Qa7 31. Bxd7+ Bxd7 32. Nxd5 Bc6 33. Nxe7+
1-0

[Event "NB2 Szechenyi csoport"]
[Site "Ajka"]
[Date "2024.11.17"]
[Round "2.7"]
[White "Suket, Ferenc"]
[Black "Kishazi, Istvan"]
[Result "1/2-1/2"]
[WhiteElo "1862"]
[BlackElo "1924"]
[PlyCount "26"]
[EventDate "2024.11.03"]
[EventType "team-tourn"]
[EventRounds "11"]
[EventCountry "HUN"]
[Source "chess.hu"]
[SourceDate "2024.11.17"]
[WhiteTeam "Spartacus Sportkor"]
[BlackTeam "Sentimento Ajka BSK "]
[WhiteTeamCountry "HUN"]
[BlackTeamCountry "HUN"]

1. e4 e5 2. Bc4 Nc6 3. c3 Nf6 4. d3 Bc5 5. Nf3 O-O 6. b4 Bb6 7. a4 a6 8. Qb3 d6
9. h3 Bd7 10. O-O h6 11. Be3 Qc8 12. Kh2 Ne7 13. Nbd2 Ba7 1/2-1/2

[Event "NB2 Szechenyi csoport"]
[Site "Ajka"]
[Date "2024.11.17"]
[Round "2.11"]
[White "Horvath, Roland"]
[Black "Horvath, Matyas Sandor"]
[Result "0-1"]
[WhiteElo "1770"]
[BlackElo "1777"]
[PlyCount "88"]
[EventDate "2024.11.03"]
[EventType "team-tourn"]
[EventRounds "11"]
[EventCountry "HUN"]
[Source "chess.hu"]
[SourceDate "2024.11.17"]
[WhiteTeam "Spartacus Sportkor"]
[BlackTeam "Sentimento Ajka BSK "]
[WhiteTeamCountry "HUN"]
[BlackTeamCountry "HUN"]

1. d4 Nf6 2. Nf3 d5 3. e3 c5 4. b3 Nc6 5. Bb2 e6 6. Bd3 cxd4 7. exd4 Be7 8. O-O
O-O 9. Nbd2 b6 10. Ne5 Nxe5 11. dxe5 Nd7 12. f4 h6 13. Qg4 Nc5 14. Be2 Ba6 15.
Bxa6 Nxa6 16. Rf3 Kh7 17. Raf1 Qc8 18. c4 Bb4 19. Rg3 g6 20. Nf3 dxc4 21. bxc4
Qxc4 22. Bd4 Rad8 23. Bf2 Nc5 24. Rh3 Ne4 25. Ng5+ Kg7 26. f5 exf5 27. Qh4 h5
28. Nxe4 Qxe4 29. Qf6+ Kh7 30. Rh4 Qe2 31. Rxb4 Rd1 32. Be1 Rxe1 33. Rbf4 Qxe5
34. Qh4 Rxf1+ 35. Rxf1 Qe3+ 36. Kh1 Qe2 37. Rc1 Re8 38. a4 Qd2 39. Rb1 Re4 40.
Qg3 f4 41. Qh4 f3 42. Qg3 Qxg2+ 43. Qxg2 fxg2+ 44. Kxg2 Rxa4 0-1

[Event "NB2 Szechenyi csoport"]
[Site "Tapolca"]
[Date "2024.11.17"]
[Round "2.1"]
[White "Sarok, Peter"]
[Black "Heiligermann, Gabor"]
[Result "1/2-1/2"]
[WhiteElo "2012"]
[BlackElo "1952"]
[PlyCount "37"]
[EventDate "2024.11.03"]
[EventType "team-tourn"]
[EventRounds "11"]
[EventCountry "HUN"]
[Source "chess.hu"]
[SourceDate "2024.11.17"]
[WhiteTeam "SE Kisber-Aszar"]
[BlackTeam "Tapolca VSE II."]
[WhiteTeamCountry "HUN"]
[BlackTeamCountry "HUN"]

1. Nf3 c5 2. c4 Nc6 3. d4 cxd4 4. Nxd4 g6 5. Nc3 Bg7 6. Nc2 d6 7. g3 Be6 8. Ne3
Nf6 9. Bg2 h5 10. h3 Qd7 11. Ncd5 Rc8 12. Rb1 O-O 13. b3 Bf5 14. Nxf5 Qxf5 15.
Bb2 Nxd5 16. Bxd5 e6 17. Bg2 Qa5+ 18. Kf1 Qxa2 19. Bxg7 1/2-1/2

[Event "NB2 Szechenyi csoport"]
[Site "Tapolca"]
[Date "2024.11.17"]
[Round "2.2"]
[White "Domonkos, Tamas"]
[Black "Somody, Robert"]
[Result "0-1"]
[WhiteElo "1952"]
[BlackElo "2010"]
[PlyCount "90"]
[EventDate "2024.11.03"]
[EventType "team-tourn"]
[EventRounds "11"]
[EventCountry "HUN"]
[Source "chess.hu"]
[SourceDate "2024.11.17"]
[WhiteTeam "Tapolca VSE II."]
[BlackTeam "SE Kisber-Aszar"]
[WhiteTeamCountry "HUN"]
[BlackTeamCountry "HUN"]

1. c4 c6 2. d4 d5 3. e3 Nf6 4. Nc3 Bf5 5. Nf3 e6 6. a3 Nbd7 7. cxd5 exd5 8. Bd3
Bxd3 9. Qxd3 Bd6 10. O-O O-O 11. e4 dxe4 12. Nxe4 Nxe4 13. Qxe4 Re8 14. Qd3 Nf8
15. Be3 Qd7 16. Rad1 Rad8 17. Qb3 Qc7 18. h3 Qb6 19. Qc2 Qb5 20. Rd3 Re7 21.
Rfd1 Red7 22. Kh1 Bb8 23. b4 Qf5 24. Rc3 Qxc2 25. Rxc2 Ne6 26. g3 f6 27. Rc4
Kf7 28. Rdc1 Nc7 29. Kg2 Nd5 30. R1c2 Nb6 31. R4c3 Nd5 32. Rb3 a6 33. a4 Re8
34. Bc1 Bd6 35. b5 cxb5 36. axb5 a5 37. b6 a4 38. Rb5 Bf8 39. Bb2 Re6 40. Ba1
Rxb6 41. Ra5 a3 42. Nd2 Bb4 43. Ra4 Re6 44. Nc4 b5 45. Rxb4 Nxb4 0-1

[Event "NB2 Szechenyi csoport"]
[Site "Tapolca"]
[Date "2024.11.17"]
[Round "2.3"]
[White "Horvath, Jozsef M"]
[Black "Bencze, Balazs Dominik"]
[Result "0-1"]
[WhiteElo "1985"]
[BlackElo "1844"]
[PlyCount "124"]
[EventDate "2024.11.03"]
[EventType "team-tourn"]
[EventRounds "11"]
[EventCountry "HUN"]
[Source "chess.hu"]
[SourceDate "2024.11.17"]
[WhiteTeam "SE Kisber-Aszar"]
[BlackTeam "Tapolca VSE II."]
[WhiteTeamCountry "HUN"]
[BlackTeamCountry "HUN"]

1. d4 Nf6 2. c4 e6 3. Nc3 Bb4 4. e3 d5 5. Qb3 Bxc3+ 6. bxc3 b6 7. Ba3 Bb7 8.
Nf3 Nbd7 9. Be2 Ne4 10. cxd5 Bxd5 11. c4 Bb7 12. Rd1 g5 13. h3 h5 14. d5 e5 15.
Qc2 Nd6 16. c5 bxc5 17. Bxc5 Nxc5 18. Qxc5 Qe7 19. Nd2 Kf8 20. Rc1 Rc8 21. O-O
f5 22. Qc3 g4 23. Kh2 Bxd5 24. f4 gxh3 25. fxe5 hxg2 26. Rf4 Nf7 27. Ba6 Rb8
28. Nb3 Rg8 29. Kg1 h4 30. Qxc7 Qxc7 31. Rxc7 h3 32. Rc1 Rh8 33. Kh2 Ke7 34.
Rxf5 Nh6 35. Rg5 Rbg8 36. Rc7+ Kd8 37. Rc8+ Ke7 38. Rgxg8 Rxg8 39. Rc1 Ng4+ 40.
Kxh3 Nxe3 41. Rg1 Nf5 42. Nd2 Bxa2 43. Bd3 Ne3 44. Nf3 Be6+ 45. Kh2 Ng4+ 46.
Kxg2 Nxe5+ 47. Kf1 Rxg1+ 48. Nxg1 Nxd3 49. Ke2 Ne5 50. Kd2 Bg4 51. Kc3 Kd6 52.
Kb4 Kc6 53. Ka5 Kb7 54. Kb4 Kb6 55. Ka4 a5 56. Kb3 Kb5 57. Ka3 a4 58. Kb2 Kb4
59. Ka2 Nc4 60. Ka1 Kb3 61. Kb1 Na3+ 62. Ka1 Nc2+ 0-1

[Event "NB2 Szechenyi csoport"]
[Site "Tapolca"]
[Date "2024.11.17"]
[Round "2.5"]
[White "Gonczol, Gabor"]
[Black "Horvath, Lajos"]
[Result "1-0"]
[WhiteElo "1939"]
[BlackElo "1782"]
[PlyCount "101"]
[EventDate "2024.11.03"]
[EventType "team-tourn"]
[EventRounds "11"]
[EventCountry "HUN"]
[Source "chess.hu"]
[SourceDate "2024.11.17"]
[WhiteTeam "SE Kisber-Aszar"]
[BlackTeam "Tapolca VSE II."]
[WhiteTeamCountry "HUN"]
[BlackTeamCountry "HUN"]

1. Nf3 d5 2. d4 Nf6 3. g3 c6 4. Bg2 Bf5 5. O-O e6 6. c4 Be7 7. Nbd2 Ne4 8. e3
O-O 9. Qb3 Qc7 10. Nxe4 Bxe4 11. Bd2 a5 12. a4 b6 13. Ne5 Bxg2 14. Kxg2 Nd7 15.
f4 Nxe5 16. dxe5 Rad8 17. Bc3 Rd7 18. Rad1 Rfd8 19. Rf2 dxc4 20. Rxd7 Rxd7 21.
Qxc4 h6 22. f5 Rd5 23. fxe6 fxe6 24. e4 Rxe5 25. Bxe5 Qxe5 26. Qxc6 Bc5 27. Rd2
Kh7 28. h4 Bd4 29. Qc2 Be3 30. Rd7 Bc5 31. b3 Bb4 32. Qd3 Bc5 33. h5 Qxh5 34.
e5+ Qg6 35. Kf3 Qxd3+ 36. Rxd3 g5 37. Rd6 Kg7 38. Rxe6 h5 39. Ke4 h4 40. gxh4
gxh4 41. Kf3 h3 42. Kg3 h2 43. Kxh2 Kf7 44. Rf6+ Ke7 45. Kg3 Kd7 46. Kf4 Kc7
47. Ke4 Bb4 48. Kd5 Ba3 49. Rf7+ Kd8 50. Kc6 Bc5 51. Rb7 1-0

[Event "NB2 Szechenyi csoport"]
[Site "Tapolca"]
[Date "2024.11.17"]
[Round "2.6"]
[White "Kiss, Gergely"]
[Black "Farkas, Ferenc"]
[Result "0-1"]
[WhiteElo "1819"]
[BlackElo "1880"]
[PlyCount "28"]
[EventDate "2024.11.03"]
[EventType "team-tourn"]
[EventRounds "11"]
[EventCountry "HUN"]
[Source "chess.hu"]
[SourceDate "2024.11.17"]
[WhiteTeam "Tapolca VSE II."]
[BlackTeam "SE Kisber-Aszar"]
[WhiteTeamCountry "HUN"]
[BlackTeamCountry "HUN"]

1. d4 d5 2. Nf3 Nf6 3. Bg5 Ne4 4. Bf4 c5 5. c3 cxd4 6. Bxb8 Rxb8 7. Qxd4 f6 8.
e3 a6 9. Nbd2 e5 10. Qa4+ Bd7 11. Qb3 Nxd2 12. Nxd2 Bc6 13. Nf3 Qa5 14. Be2 Bd6
0-1

[Event "NB2 Szechenyi csoport"]
[Site "Tapolca"]
[Date "2024.11.17"]
[Round "2.7"]
[White "Erdei, Lajos Jr"]
[Black "Szoke, Kristof"]
[Result "0-1"]
[WhiteElo "1948"]
[BlackElo "1756"]
[PlyCount "64"]
[EventDate "2024.11.03"]
[EventType "team-tourn"]
[EventRounds "11"]
[EventCountry "HUN"]
[Source "chess.hu"]
[SourceDate "2024.11.17"]
[WhiteTeam "SE Kisber-Aszar"]
[BlackTeam "Tapolca VSE II."]
[WhiteTeamCountry "HUN"]
[BlackTeamCountry "HUN"]

1. e4 e5 2. Nf3 Nc6 3. Bc4 Bc5 4. b4 Bxb4 5. c3 Be7 6. d4 d6 7. Qb3 Na5 8.
Bxf7+ Kf8 9. Qa4 Kxf7 10. Qxa5 b6 11. Qa4 Bg4 12. Nbd2 exd4 13. cxd4 Qd7 14.
Qc4+ Kf8 15. O-O Nf6 16. Ng5 d5 17. exd5 Qxd5 18. Qxd5 Nxd5 19. Nc4 Be2 20.
Ne6+ Kg8 21. Ne3 Nxe3 22. Re1 Nc2 23. Rxe2 Nxa1 24. Nxc7 Kf7 25. Bf4 Rac8 26.
h3 Rhd8 27. Ne6 Rd7 28. g4 Rc6 29. Ng5+ Bxg5 30. Bxg5 Nc2 31. d5 Rxd5 32. Re7+
Kf8 0-1

[Event "NB2 Szechenyi csoport"]
[Site "Tapolca"]
[Date "2024.11.17"]
[Round "2.8"]
[White "Molnar, Tibor"]
[Black "Malomsoki, Laszlo"]
[Result "0-1"]
[WhiteElo "1727"]
[BlackElo "1803"]
[PlyCount "58"]
[EventDate "2024.11.03"]
[EventType "team-tourn"]
[EventRounds "11"]
[EventCountry "HUN"]
[Source "chess.hu"]
[SourceDate "2024.11.17"]
[WhiteTeam "Tapolca VSE II."]
[BlackTeam "SE Kisber-Aszar"]
[WhiteTeamCountry "HUN"]
[BlackTeamCountry "HUN"]

1. e4 c5 2. Nf3 e6 3. d4 cxd4 4. Nxd4 a6 5. Nc3 b5 6. a3 Bb7 7. Bd3 Qc7 8. O-O
Nf6 9. Re1 d6 10. Bd2 Nbd7 11. Qf3 Rd8 12. Qg3 g6 13. Qh3 h5 14. Nxe6 fxe6 15.
Qxe6+ Be7 16. e5 Nf8 17. Bxg6+ Nxg6 18. exf6 Ne5 19. fxe7 Qxe7 20. Qh3 Rg8 21.
Qxh5+ Kd7 22. g3 Qf6 23. Kf1 Rdf8 24. Bf4 Rh8 25. Qg5 Qxg5 26. Bxg5 Rxh2 27.
Bf4 Bf3 28. Ne2 Bg2+ 29. Kg1 Nf3# 0-1

[Event "NB2 Szechenyi csoport"]
[Site "Tapolca"]
[Date "2024.11.17"]
[Round "2.9"]
[White "Sarok, Peter Jr"]
[Black "Toth, Csongor"]
[Result "1/2-1/2"]
[WhiteElo "1769"]
[BlackElo "1716"]
[PlyCount "43"]
[EventDate "2024.11.03"]
[EventType "team-tourn"]
[EventRounds "11"]
[EventCountry "HUN"]
[Source "chess.hu"]
[SourceDate "2024.11.17"]
[WhiteTeam "SE Kisber-Aszar"]
[BlackTeam "Tapolca VSE II."]
[WhiteTeamCountry "HUN"]
[BlackTeamCountry "HUN"]

1. d4 d5 2. c4 e6 3. Nc3 c6 4. Nf3 Nf6 5. Bg5 Be7 6. e3 Nbd7 7. Bd3 dxc4 8.
Bxc4 O-O 9. O-O h6 10. Bh4 b5 11. Be2 a6 12. Rc1 c5 13. dxc5 Bxc5 14. Ne4 Be7
15. Nxf6+ Bxf6 16. Bxf6 Nxf6 17. Nd4 Bb7 18. Bf3 Bd5 19. Bxd5 Qxd5 20. a3 Rac8
21. Qf3 Qxf3 22. Nxf3 1/2-1/2

[Event "NB2 Szechenyi csoport"]
[Site "Zalaegerszeg"]
[Date "2024.11.17"]
[Round "2.1"]
[White "Nagy, Bence"]
[Black "Nagy, Kristof"]
[Result "1-0"]
[WhiteElo "2298"]
[BlackElo "2153"]
[PlyCount "63"]
[EventDate "2024.11.03"]
[EventType "team-tourn"]
[EventRounds "11"]
[EventCountry "HUN"]
[Source "chess.hu"]
[SourceDate "2024.11.17"]
[WhiteTeam "Soproni MAFC"]
[BlackTeam "Z.Csuti-Hydrocomp SK"]
[WhiteTeamCountry "HUN"]
[BlackTeamCountry "HUN"]

1. e4 Nf6 2. e5 Nd5 3. Nc3 Nxc3 4. bxc3 d5 5. f4 c5 6. Nf3 Nc6 7. Rb1 e6 8. c4
b6 9. cxd5 Qxd5 10. Bb5 Bb7 11. d3 O-O-O 12. Bc4 Qd7 13. Bd2 Be7 14. O-O h6 15.
a4 Qc7 16. a5 g5 17. axb6 axb6 18. Rb2 g4 19. Ne1 Rdg8 20. c3 Na5 21. Bb5 h5
22. Qa4 h4 23. Nc2 Bd8 24. Ne3 Bc6 25. Bxc6 Qxc6 26. Rb5 Kd7 27. Rfb1 Bc7 28.
d4 c4 29. d5 exd5 30. Rxd5+ Ke7 31. Rxa5 Qe4 32. Qb4+ 1-0